| 000 | 00570nam a22001937a 4500 | ||
|---|---|---|---|
| 005 | 20251205104656.0 | ||
| 010 | _aENG-147210 | ||
| 020 |
_c400.00 _a9788195328116 |
||
| 035 | _aEN-130742 | ||
| 037 | _bDBAD | ||
| 082 |
_a332.042 _21 |
||
| 100 |
_aR Poornalingam _985873 |
||
| 245 |
_aRoad To Wealth/ _cR Poornalingam |
||
| 250 | _a1 | ||
| 260 |
_aChennai _bProductivity & Quality Publishing Private Limited _c2023 |
||
| 270 |
_a38, Thanikachalam Road, T. Nagar _bChennai _e600017 |
||
| 300 |
_a246p. _c22cm(pb) |
||
| 942 |
_2ddc _cEN _mPOO _h332.042 |
||
| 999 |
_c213851 _d213851 |
||